[Event "Montecatini Terme"]
[Site "Montecatini Terme"]
[Date "1998.??.??"]
[Round "10"]
[White "Caposciutti, Maurizio"]
[Black "Beggi, Pierluigi"]
[Result "1-0"]
[WhiteElo "2310"]
[BlackElo "2205"]

1.e4 c5 2.Nf3 e6 3.d4 cxd4 4.Nxd4 Nc6 5.Nc3 d6 6.Be3 Nf6 7.f4 Be7 8.Qf3 O-O
9.Bd3 Qc7 10.O-O-O Bd7 11.Nde2 Nb4 12.g4 Nxd3+ 13.Rxd3 Rac8 14.g5 Nxe4 15.Nd4 Nc5
16.Rd2 Bc6 17.Nxc6 Qxc6 18.Qxc6 Rxc6 19.Nb5 a6 20.Nd4 Rc7 21.h4 a5 22.h5 f5
23.h6 g6 24.Nb5 Rc6 25.Bxc5 Rxc5 26.Nxd6 b6 27.Re1 e5 28.a4 e4 29.Nb5 Rd8
30.Rxd8+ Bxd8 31.Rd1 Be7 32.Rd7 Kf7 33.Nc7 Rc6 34.Nd5 Re6 35.Kd2 Kf8 36.Rb7 Rd6
37.c4 Re6 38.Rb8+ Kf7 39.Rh8 e3+ 40.Nxe3  1-0

[Event "Montpellier opA"]
[Site "Montpellier"]
[Date "1998.??.??"]
[Round "3"]
[White "Colovic, Aleksandar"]
[Black "Tregubov, Pavel V"]
[Result "0-1"]
[WhiteElo "2400"]
[BlackElo "2560"]

1.e4 c5 2.Nf3 e6 3.d4 cxd4 4.Nxd4 Nc6 5.Nc3 Qc7 6.Be3 a6 7.Bd3 Nf6 8.Nb3 Bd6
9.h3 b5 10.O-O Bh2+ 11.Kh1 Bf4 12.Qd2 Bxe3 13.Qxe3 d6 14.f4 Bb7 15.a4 b4
16.Nb1 O-O 17.N1d2 Rfe8 18.Qg3 Kh8 19.Nf3 e5 20.Nh4 Nh5 21.Qg5 Nxf4 22.Rxf4 exf4
23.Nf5 f6 24.Qxf4 Ne5 25.Nbd4 Qd7 26.Rf1 d5 27.exd5 Qxd5 28.Qf2 Nxd3 29.cxd3 Rad8
30.Nxg7 Qxg2+  0-1

[Event "Montpellier opA"]
[Site "Montpellier"]
[Date "1998.??.??"]
[Round "5"]
[White "Gofshtein, Leonid D"]
[Black "Tregubov, Pavel V"]
[Result "0-1"]
[WhiteElo "2520"]
[BlackElo "2560"]

1.e4 c5 2.Nf3 e6 3.d4 cxd4 4.Nxd4 Nc6 5.Nc3 Qc7 6.f4 Nxd4 7.Qxd4 a6 8.Be3 b5
9.Be2 Bb7 10.a3 Rc8 11.Bf3 h5 12.h3 h4 13.O-O Nf6 14.e5 Nh5 15.Bxb7 Qxb7
16.Qd3 Ng3 17.Rfe1 Qc6 18.Bf2 Bc5 19.Rad1 Bxf2+ 20.Kxf2 Qc5+ 21.Qe3 a5 22.Rd2 f5
23.Rd4 Ke7 24.Kg1 b4 25.axb4 axb4 26.Na4 Qxc2 27.Rxb4 Rc4 28.Rxc4 Qxc4 29.Nb6 Qb4
30.Rd1 Rb8 31.Nxd7 Rb5 32.Kh2 Rd5 33.Qa7 Rxd1 34.Nf6+ Kd8 35.Qa8+ Ke7 36.Qa7+ Kd8
37.Qa8+ Kc7 38.Qa7+ Kc6 39.Qa6+ Kc5 40.Qc8+ Kb5  0-1

[Event "Montpellier opA"]
[Site "Montpellier"]
[Date "1998.??.??"]
[Round "7"]
[White "Palac, Mladen"]
[Black "Skripchenko, Almira"]
[Result "1-0"]
[WhiteElo "2545"]
[BlackElo "2400"]

1.e4 c5 2.Nf3 Nc6 3.d4 cxd4 4.Nxd4 e6 5.Nc3 Qc7 6.Be2 a6 7.O-O Nf6 8.Be3 Bb4
9.Na4 Be7 10.Nxc6 bxc6 11.Nb6 Rb8 12.Nxc8 Qxc8 13.e5 Nd5 14.Bc1 Bc5 15.c4 Ne7
16.b3 Qc7 17.Bb2 O-O 18.Qd3 a5 19.Rad1 Rfd8 20.Qe4 a4 21.Bd3 Ng6 22.Bc2 axb3
23.axb3 d5 24.exd6 Bxd6 25.g3 Be7 26.h4 Bf6 27.Bxf6 gxf6 28.h5 Nf8 29.Qg4+ Kh8
30.Qf3 Qe5 31.Qxc6 Qxh5 32.Rxd8 Rxd8 33.b4 f5 34.Qc7 Rd2 35.Ba4 Kg8 36.Be8 Rd4
37.Qc5 Qg4 38.Rc1 Ng6 39.Qc7 Qg5 40.Bxf7+ Kg7 41.Bxg6+ Kxg6 42.Re1 Qf6 43.Qc6 Kf7
44.b5 f4 45.b6 Rd3 46.Qc7+  1-0

[Event "Montpellier opA"]
[Site "Montpellier"]
[Date "1998.??.??"]
[Round "8"]
[White "Palac, Mladen"]
[Black "Tregubov, Pavel V"]
[Result "1-0"]
[WhiteElo "2545"]
[BlackElo "2560"]

1.e4 c5 2.Nf3 e6 3.d4 cxd4 4.Nxd4 Nc6 5.Nc3 Qc7 6.Be2 a6 7.O-O Nf6 8.Be3 Bb4
9.Na4 Rb8 10.c4 Bd6 11.f4 Nxe4 12.Bf3 Nf6 13.Nf5 exf5 14.Bb6 Qxb6+ 15.Nxb6 Bc5+
16.Kh1 Bxb6 17.Re1+ Kd8 18.b4 Bc7 19.b5 axb5 20.cxb5 Ne7 21.b6 Bxf4 22.Qd4 Ng6
23.g3 d5 24.gxf4 Be6 25.Qc5 Rc8 26.Qd6+ Ke8 27.Be2 Nf8 28.Bb5+ N8d7 29.Rac1 Rd8
30.Bxd7+ Nxd7 31.Rxe6+  1-0

[Event "Petrosian mem-J"]
[Site "Moscow"]
[Date "1998.??.??"]
[Round "?"]
[White "Kuznetsov, Lev"]
[Black "Kuzuev, Danil"]
[Result "1/2-1/2"]
[WhiteElo "2240"]
[BlackElo "2300"]

1.e4 c5 2.Nc3 Nc6 3.Nge2 e6 4.d4 cxd4 5.Nxd4 Qc7 6.g4 a6 7.Nde2 Bd6 8.Bg2 Nge7
9.f4 Bc5 10.a3 b5 11.Qd3 Qa7 12.e5  1/2-1/2

[Event "Petrosian mem-J"]
[Site "Moscow"]
[Date "1998.??.??"]
[Round "?"]
[White "Danilovic, Alexander"]
[Black "Uchitel, Stanislav"]
[Result "1-0"]
[WhiteElo "2310"]
[BlackElo "2120"]

1.e4 c5 2.Nf3 e6 3.d4 cxd4 4.Nxd4 Nc6 5.Nc3 Qc7 6.Be3 a6 7.Bd3 Nf6 8.O-O Ne5
9.h3 Bc5 10.Kh1 d6 11.f4 Ng6 12.Qe1 O-O 13.f5 Ne5 14.Qh4 Nxd3 15.cxd3 d5
16.g4 b5 17.g5 Ne8 18.f6 g6 19.Qh6 Bxd4 20.Bxd4 dxe4 21.Nxe4 Bb7 22.Rac1 Bxe4+
23.dxe4 Qb7 24.Bc5 Qxe4+ 25.Kg1  1-0

[Event "RUS-Cup02"]
[Site "Moscow"]
[Date "1998.??.??"]
[Round "1"]
[White "Bogaudinov, Rushan"]
[Black "Novgorodskij, Vladimir"]
[Result "0-1"]
[WhiteElo "2165"]
[BlackElo "2420"]

1.e4 c5 2.Nc3 Nc6 3.Nf3 e6 4.d4 cxd4 5.Nxd4 Qc7 6.Be3 a6 7.Nb3 Nf6 8.a3 b5
9.f3 Bb7 10.Qd2 Ne5 11.Bf4 Be7 12.Be2 Nh5 13.Be3 Nc4 14.Bxc4 bxc4 15.Nd4 O-O
16.O-O Bd6 17.g4 Nf6 18.Ndb5 axb5 19.Nxb5 Bxh2+ 20.Qxh2 Qxh2+ 21.Kxh2 Bxe4
22.g5 Nd5 23.Bc5 Rfb8 24.fxe4 Rxb5 25.Bd4 Ne7 26.Rg1 Nc6 27.Bc3 d5 28.exd5 Rxd5
29.Rg4 Rc5 30.Rd1 Rd8 31.Rxd8+ Nxd8 32.Rd4 Rc8 33.a4 f6 34.Rd7 e5 35.a5 Nc6
36.gxf6 gxf6 37.Kg3 Ra8 38.Rc7 Nxa5 39.Kg4 Ra6 40.Bxa5 Rxa5 41.Rxc4 Ra1 42.b4 Kf7
43.b5 Rb1 44.Rc7+ Kg6 45.c4 h5+ 46.Kg3 f5 47.Rc6+ Kg5 48.b6 e4 49.c5 f4+
50.Kg2 f3+ 51.Kf2 Rb2+ 52.Kg1 e3 53.Re6 Rb1+ 54.Kh2 f2  0-1

[Event "Moscow Kasparov Cup"]
[Site "Moscow"]
[Date "1998.??.??"]
[Round "4"]
[White "Grigoriants, Sergey"]
[Black "Kim, Alexey"]
[Result "1/2-1/2"]
[WhiteElo "2250"]
[BlackElo "2180"]

1.e4 c5 2.Nf3 e6 3.Nc3 Nc6 4.d4 cxd4 5.Nxd4 Qc7 6.Be3 a6 7.Bd3 Nf6 8.O-O Ne5
9.h3 Bc5 10.Kh1 d6 11.a4 O-O 12.Re1 Ng6 13.Qd2 b6 14.Rad1 Bb7 15.Qe2 d5 16.exd5 Nxd5
17.Nxd5 Bxd5 18.c4 Bb7 19.Qc2 Rfd8 20.b3 Kh8 21.Be4 Rd7 22.Nf3 Rad8 23.Rxd7 Rxd7
24.Bxb7 Qxb7 25.Rd1 h6 26.Rd2 Bxe3 27.fxe3 Kh7 28.Rxd7 Qxd7 29.Ne5 Qc7 30.Nxg6 fxg6
31.Qd3 Qc5 32.Qc3 a5 33.Kg1 Qg5 34.Kh2 h5 35.Qd4 Qc5 36.Kg3 Qg5+ 37.Kh2 Qc5
38.Kg3 Qg5+ 39.Kh2 Qc5 40.h4 Qb4 41.Qd3 Qc5 42.Kg3 Qe5+ 43.Kf3 Qf6+  1/2-1/2

[Event "RUS-Cup02"]
[Site "Moscow"]
[Date "1998.??.??"]
[Round "6"]
[White "Zaitsev, Igor A"]
[Black "Gorin, Igor"]
[Result "1-0"]
[WhiteElo "2485"]
[BlackElo "2355"]

1.e4 c5 2.Nf3 e6 3.d4 cxd4 4.Nxd4 Nc6 5.Nc3 d6 6.Be3 Nf6 7.Bc4 Be7 8.Qe2 O-O
9.O-O-O a6 10.Rhg1 Qc7 11.g4 b5 12.g5 Nd7 13.Nd5 Nxd4 14.Nxe7+ Kh8 15.Bxd4 bxc4
16.Bxg7+ Kxg7 17.Qh5  1-0

[Event "RUS-Cup02"]
[Site "Moscow"]
[Date "1998.??.??"]
[Round "6"]
[White "Alagulian, Kamo"]
[Black "Murzin, Lenar"]
[Result "1/2-1/2"]
[WhiteElo "2105"]
[BlackElo "2240"]

1.e4 c5 2.Nf3 Nc6 3.d4 cxd4 4.Nxd4 e6 5.Nc3 Qc7 6.Be2 a6 7.Be3 Nf6 8.O-O Bb4
9.Na4 Be7 10.Nxc6 bxc6 11.Bd3 c5 12.Qe2 Bb7 13.Bg5 O-O 14.Nc3 d6 15.Rae1 h6
16.Bf4 Nd7 17.Qg4 Ne5 18.Bxe5 dxe5 19.Bc4 Rfd8 20.Rd1 Rd4 21.Qe2 Qc6 22.b3 Rad8
23.f3 R8d6 24.Rd3 Qd7 25.Rfd1 Bd8 26.Qf2 Bc7 27.Na4 Qc8 28.c3 Rxd3 29.Rxd3 Rxd3
30.Bxd3 Bd6 31.Qe2 Qc6  1/2-1/2

[Event "Moscow Kasparov Cup"]
[Site "Moscow"]
[Date "1998.??.??"]
[Round "7"]
[White "Iochis, Daniil"]
[Black "Kim, Alexey"]
[Result "1-0"]
[WhiteElo "2205"]
[BlackElo "2180"]

1.e4 c5 2.Nf3 e6 3.d4 cxd4 4.Nxd4 Nc6 5.Nc3 Qc7 6.g3 a6 7.Bg2 Nf6 8.O-O Be7
9.b3 d6 10.Bb2 Nxd4 11.Qxd4 b5 12.Rac1 Bb7 13.Rfe1 O-O 14.Nd1 Rfd8 15.Ne3 Ne8
16.c4 Bf6 17.Qd2 Bxb2 18.Qxb2 Qb6 19.b4 Rac8 20.Red1 Qa7 21.a4 Bc6 22.h4 bxc4
23.Nxc4 Qb8 24.Na5 Ba8 25.b5 axb5 26.axb5 Bb7 27.b6 h6 28.Ra1 Rd7 29.Rdb1 Rc5
30.Qb4 Rc8 31.Bf1 Kh7 32.Nxb7 Rxb7 33.Ba6 Rxb6 34.Qe1 Rc5 35.Bd3 e5 36.Qd1 Nf6
37.Qa4 Rxb1+ 38.Rxb1 Qc7 39.Kg2 Ra5 40.Qb4 Ra2  1-0

[Event "RUS-Cup02"]
[Site "Moscow"]
[Date "1998.??.??"]
[Round "7"]
[White "Belov, Vladimir"]
[Black "Novgorodskij, Vladimir"]
[Result "0-1"]
[WhiteElo "2280"]
[BlackElo "2420"]

1.e4 c5 2.Nf3 e6 3.d4 cxd4 4.Nxd4 Nc6 5.Nc3 Qc7 6.Be3 a6 7.Bd3 b5 8.Nxc6 Qxc6
9.O-O Bb7 10.Qd2 Nf6 11.f3 Bc5 12.Kh1 O-O 13.e5 Nd5 14.Nxd5 exd5 15.c3 d6
16.exd6 Qxd6 17.Bxc5 Qxc5 18.Qg5 Rae8 19.Rad1 Re6 20.Qh4 g6 21.f4 f5 22.Rfe1 Rfe8
23.Rxe6 Rxe6 24.Re1 Rxe1+ 25.Qxe1 Kf7 26.b4 Qd6 27.Qd2 Qb6 28.Bc2 Qc6 29.Bb3 Qe6
30.Kg1 Qe4 31.Kf2 Ke6 32.Qe3 Qxe3+ 33.Kxe3 Bc6 34.Kd4 Kd6 35.Bd1 Bd7 36.Be2 Be6
37.Bf3 h5 38.g3 Bf7 39.Bd1 Be8 40.Be2 Bd7 41.h3 Bc8 42.Bf3 Be6 43.Bd1 Bd7
44.Bb3 Be6 45.a4 Bf7 46.Bd1 Be8 47.a5 Bd7 48.Bc2 Bc8 49.Bd3 Bd7 50.Ke3 Be6
51.Be2 Bc8 52.Kf2 Bd7 53.Bd3 Bc8 54.g4 fxg4 55.hxg4 Bxg4 56.Kg3 d4 57.cxd4 Kd5
58.Kh4 Kxd4 59.Bxg6 Kc4 60.Bxh5 Bc8 61.Bg4 Bb7 62.Kg3 Kxb4 63.Bf3 Bc8 64.Bg4 Bxg4
65.Kxg4 Kc5  0-1

[Event "Moscow-ch op"]
[Site "Moscow"]
[Date "1998.??.??"]
[Round "7"]
[White "Belov, Vladimir"]
[Black "Ivanov, Victor L"]
[Result "1/2-1/2"]
[WhiteElo "2280"]
[BlackElo "2455"]

1.e4 c5 2.Nf3 e6 3.d4 cxd4 4.Nxd4 Nc6 5.Nc3 Qc7 6.Be3 a6 7.Bd3 b5 8.Nxc6 Qxc6
9.O-O Bb7 10.Qd2 Nf6 11.f3 Bc5 12.Kh1 Bxe3 13.Qxe3 Qc7 14.Qd4 O-O 15.e5 Nd5
16.Ne4 f6 17.f4 fxe5 18.fxe5 Nf4 19.Nf6+ Rxf6 20.exf6 Bxg2+ 21.Kg1 Bxf1 22.Rxf1 Nxd3
23.f7+ Kf8 24.Qxd3 Qc5+ 25.Rf2 Ke7 26.Qxh7 Qg5+ 27.Kf1 Rf8 28.Qd3 Qc1+ 29.Kg2 Qg5+
30.Kf1 Qc1+ 31.Kg2 Qxb2 32.Rd2 d5 33.Qe3 Qb4 34.Qa7+ Kf6 35.Qf2+ Ke7 36.Qa7+ Kf6
37.Qf2+  1/2-1/2

[Event "Moscow Kasparov Cup"]
[Site "Moscow"]
[Date "1998.??.??"]
[Round "9"]
[White "Iochis, Daniil"]
[Black "Guseinov, Kadir"]
[Result "1-0"]
[WhiteElo "2205"]
[BlackElo "2235"]

1.e4 c5 2.Nf3 e6 3.d4 cxd4 4.Nxd4 Nc6 5.Nc3 Qc7 6.g3 a6 7.Bg2 Nf6 8.O-O d6
9.b3 Bd7 10.Bb2 Be7 11.Nce2 b5 12.Rc1 Rc8 13.c4 Qb7 14.Ba3 O-O 15.e5 Ne8
16.cxb5 axb5 17.exd6 Bxd6 18.Bxd6 Nxd6 19.Nxc6  1-0

[Event "EU-ch U18"]
[Site "Murek"]
[Date "1998.??.??"]
[Round "2"]
[White "Bitansky, Igor"]
[Black "Rufener, Markus"]
[Result "0-1"]
[WhiteElo "2325"]
[BlackElo "2110"]

1.e4 c5 2.Nf3 e6 3.d4 cxd4 4.Nxd4 Nc6 5.Nc3 a6 6.g3 Qc7 7.Bg2 Nf6 8.O-O Bb4
9.Bg5 Bxc3 10.bxc3 d6 11.Qd2 Bd7 12.Rad1 Ne5 13.Bxf6 gxf6 14.Ne2 Nc4 15.Qh6 Ke7
16.Nf4 Qa5 17.Rd4 Rac8 18.Rfd1 Qg5 19.Qxg5 fxg5 20.Nh3 e5 21.Rd5 g4 22.Ng5 f6
23.Bf1 fxg5 24.Bxc4 Rxc4 25.Rxd6 Bc6  0-1

[Event "EU-ch U18"]
[Site "Murek"]
[Date "1998.??.??"]
[Round "3"]
[White "Antoniewski, Rafal"]
[Black "Ardeleanu, George Catalin"]
[Result "1/2-1/2"]
[WhiteElo "2430"]
[BlackElo "2310"]

1.e4 c5 2.Nf3 e6 3.d4 cxd4 4.Nxd4 Nc6 5.Nc3 d6 6.g4 h6 7.h3 Nf6 8.Be3 Be7
9.Qe2 a6 10.f4 Qc7 11.Nb3 b5 12.Bg2 Bb7 13.O-O-O Nd7 14.Rhe1 Rc8 15.Kb1 Na5
16.Nxa5 Qxa5 17.Qd2 b4 18.Ne2 Nb6 19.Bxb6 Qxb6 20.Nd4 Rc7 21.f5 e5 22.f6 gxf6
23.Nf5 Bc8 24.Ng7+ Kd8 25.Nh5 Be6 26.Rf1 Qa5 27.b3 Qa3 28.Nxf6 Rc5 29.Rc1 a5
30.c4 a4 31.Qb2 Qxb2+ 32.Kxb2 a3+ 33.Kc2 Bxf6 34.Rxf6 Ke7 35.Rcf1 Rcc8 36.R6f2 Rhg8
37.Bf3 Rg6 38.Be2 Rcg8 39.Kd2 R8g7 40.Rc1 Rg8 41.c5 dxc5 42.Rxc5 Rf6  1/2-1/2

[Event "EU-ch U18"]
[Site "Murek"]
[Date "1998.??.??"]
[Round "4"]
[White "Vink, Nico"]
[Black "Shavtvaladze, Nikoloz"]
[Result "1/2-1/2"]
[WhiteElo "2285"]
[BlackElo "2215"]

1.e4 c5 2.Nf3 e6 3.d4 cxd4 4.Nxd4 Nc6 5.Nc3 Qc7 6.Be3 a6 7.Be2 Nf6 8.O-O Bb4
9.Na4 Be7 10.Nxc6 bxc6 11.Nb6 Rb8 12.Nxc8 Qxc8 13.e5 Nd5 14.Bc1 Bc5 15.c4 Ne7
16.b3 O-O 17.Bb2 a5 18.Bd3 a4 19.Bc2 Qc7 20.Qd3 g6 21.Rfd1 Rb7 22.Rd2 Ra8
23.Rad1 Raa7 24.Qe4 Qb6 25.Qf4 axb3 26.axb3 Bb4 27.Rd3 Ra2 28.Rf3 Nf5 29.Qc1 Bc5
30.Bb1 Rxb2 31.Qxb2 Bd4 32.Qe2 c5 33.Qe4 h5 34.h3 d6 35.exd6 Nxd6 36.Qf4 e5
37.Qg5 e4 38.Rg3 Kh7 39.Qd5 Rc7 40.Bxe4 f5 41.Bc2 h4 42.Rf3 Re7 43.Rf4 Re5
44.Rxh4+ Kg7 45.Qa8 Nf7 46.Qf3 Ng5 47.Qg3 Nf7 48.Rf4 Kf6 49.Qd3 Re7 50.Qd2 Ng5
51.b4 Ne6 52.bxc5 Bxc5 53.Rf3 Nd4 54.Re3 Rxe3 55.Qxe3 Nxc2 56.Qg3 Nd4 57.Re1 Qd6
58.Qh4+ Kg7 59.Rb1 Qd7 60.Qg5 Ne2+ 61.Kf1 Nc3 62.Ra1 Ne4 63.Qf4 Qd3+ 64.Kg1 Bxf2+
65.Kh1 Qxc4 66.Qe5+ Kf7 67.Rb1 Ng3+ 68.Kh2 Nf1+ 69.Kh1 Ng3+ 70.Kh2 Nf1+  1/2-1/2

[Event "EU-ch U18"]
[Site "Murek"]
[Date "1998.??.??"]
[Round "8"]
[White "Bitansky, Igor"]
[Black "Kavcic, Uros"]
[Result "1/2-1/2"]
[WhiteElo "2325"]
[BlackElo "2245"]

1.e4 c5 2.Nf3 Nc6 3.Nc3 e6 4.d4 cxd4 5.Nxd4 Nf6 6.Ndb5 d6 7.Bf4 e5 8.Bg5 a6
9.Na3 b5 10.Bxf6 gxf6 11.Nd5 Bg7 12.c3 f5 13.exf5 Bxf5 14.Nc2 O-O 15.Nce3 Be6
16.Bd3 f5 17.Qh5 e4 18.Bc2 Ne7 19.Bb3 Nxd5 20.Nxd5 a5 21.O-O a4 22.Nf4 Bxb3
23.axb3 Qd7 24.Nd5 Rae8 25.bxa4 Re5 26.Nb6 Qe6 27.a5 f4 28.Qh3 Qg6 29.f3 Rh5
30.Qg4 Rg5 31.Qh3 Rh5 32.Qg4 Rg5 33.Qh3  1/2-1/2

[Event "New Castle on Tyne op"]
[Site "New Castle on Tyne"]
[Date "1998.??.??"]
[Round "2"]
[White "Storey, Charles"]
[Black "Ippolito, Dean"]
[Result "0-1"]
[WhiteElo "2225"]
[BlackElo "2435"]

1.e4 c5 2.Nc3 e6 3.Nf3 Nc6 4.d4 cxd4 5.Nxd4 Nf6 6.Ndb5 d6 7.Bf4 e5 8.Bg5 a6
9.Na3 b5 10.Bxf6 gxf6 11.Nd5 f5 12.exf5 Bxf5 13.c3 Bg7 14.Nc2 O-O 15.g3 Be4
16.f3 Bxd5 17.Qxd5 Qb6 18.Bd3 Ne7 19.Qb3 Rab8 20.O-O-O a5 21.Be4 Rfc8 22.Kb1 Rc5
23.Ne3 a4 24.Qb4 Qc7 25.Rd3 Bh6 26.Nd5 Nxd5 27.Bxd5 a3 28.bxa3 Bg7 29.Be4 Bf8
30.Rc1 Kh8 31.Qb3 Bh6 32.Rcd1 Rb6 33.Kb2 Bg7 34.g4 Bf6 35.h4 Kg7 36.g5 Be7
37.Bxh7 d5 38.Be4 d4 39.cxd4 exd4 40.R1d2 Bd6 41.Rc2 b4 42.Rxc5 bxa3+ 43.Ka1 Qxc5
44.Qd1 Rb4 45.Rxa3 d3 46.Rb3 Be5+ 47.Kb1 Qc3 48.Bxd3 Qa1+  0-1

[Event "New York op"]
[Site "New York"]
[Date "1998.??.??"]
[Round "9"]
[White "Ariel, Donny"]
[Black "Luther, Thomas"]
[Result "1/2-1/2"]
[WhiteElo "2290"]
[BlackElo "2510"]

1.e4 c5 2.Nf3 e6 3.d4 cxd4 4.Nxd4 Nc6 5.Nc3 a6 6.Nxc6 bxc6 7.Bd3 d5 8.O-O Nf6
9.Qe2 Be7 10.Bd2 O-O 11.Rae1 d4 12.Nd1 e5 13.b3 a5 14.Nb2 Bb4 15.a4 Bxd2
16.Qxd2 Nd7 17.f4 Nb6 18.fxe5 Be6 19.Rf3 Nd7 20.Rg3 Nxe5 21.Bc4 Re8 22.Bxe6 Rxe6
23.Nd3 Ng6 24.Nb2 Ne5 25.Nd3 f6 26.Nc5 Re8 27.Rf1 Qd6 28.Nd3 Ng6 29.Rg4 Ra7
30.Rf5 Ne5 31.Qf4 Qa3 32.Nxe5 fxe5 33.Qf1 Qc5 34.Qd3 Rf8 35.Rxf8+ Kxf8 36.Rg3 Rf7
37.Rf3 Rxf3 38.Qxf3+ Ke7 39.Qd3 Kd6 40.Kf1 Qc3 41.Qa6 Qxc2 42.Qxa5 d3 43.Qd8+ Kc5
44.Qf8+ Kb6 45.Qd8+ Kc5 46.Qa5+ Kd4 47.Qb4+ Ke3 48.Qe1+ Kd4 49.Qb4+ Ke3 50.Qe1+  1/2-1/2

[Event "Nova Gorica op"]
[Site "Nova Gorica"]
[Date "1998.??.??"]
[Round "7"]
[White "Kolar, Srecko"]
[Black "Jeric, Simon"]
[Result "1-0"]
[WhiteElo "2155"]
[BlackElo "2360"]

1.e4 c5 2.Nf3 Nc6 3.Nc3 e6 4.d4 cxd4 5.Nxd4 d6 6.Be3 Nf6 7.Qd2 Be7 8.f3 a6
9.O-O-O Nxd4 10.Bxd4 e5 11.Be3 Be6 12.Kb1 b5 13.g4 O-O 14.g5 Nh5 15.Rg1 b4
16.Nd5 Bxd5 17.Qxd5 a5 18.Qd2 Qc7 19.b3 a4 20.Bc4 axb3 21.cxb3 g6 22.Rc1 Qa5
23.Bd5 Rac8 24.a4 Rc3 25.Rxc3 bxc3 26.Qd3 Nf4 27.Bxf4 exf4 28.h4 Rc8 29.Rc1 Bf8
30.Bc4 Bg7 31.Qd5 Qc7 32.a5 Qa7 33.b4 c2+ 34.Ka2 Qe3 35.Rxc2 Qe1 36.Ka3 Kh8
37.Bb3 Rb8 38.Qxd6 Qxh4 39.Qc7 Rf8 40.a6 Qxg5 41.a7 Bd4 42.Qc8 Rxc8 43.Rxc8+ Kg7
44.a8=Q Qg1 45.Rc2 h5 46.Qd5 Be5 47.Qxf7+ Kh6 48.Ka4 h4 49.Qd7 Qa1+ 50.Ra2 Qf1
51.Ka5 Qxf3 52.Bd5 Qg3 53.Be6 f3 54.Bh3 f2 55.Bf1 Bc3 56.Qh3 Qe5+ 57.Ka4 Be1
58.Re2 Qf6 59.Qe3+ g5 60.Rc2 Qf7  1-0

[Event "RUS-ch sf"]
[Site "Novosibirsk"]
[Date "1998.??.??"]
[Round "?"]
[White "Kalashnikov, Konstantin"]
[Black "Fominyh, Alexander"]
[Result "1/2-1/2"]
[WhiteElo "2315"]
[BlackElo "2530"]

1.e4 c5 2.Nf3 Nc6 3.d4 cxd4 4.Nxd4 e6 5.Nc3 Qc7 6.g3 a6 7.Bg2 Nf6 8.O-O Nxd4
9.Qxd4 Bc5 10.Bf4 d6 11.Qd2 h6 12.Rad1 e5 13.Be3 Bg4 14.Bxc5 dxc5 15.f3 Be6
16.Nd5 Bxd5 17.exd5 Qd6 18.f4 O-O 19.fxe5 Qxe5 20.c4 Qd6 21.Rde1 Rfe8 22.b3 Rxe1
23.Rxe1 Re8 24.a4 Kf8 25.a5 Rxe1+ 26.Qxe1 Nd7 27.Bh3 Ne5 28.Qe4 Qc7 29.Bg2 f6
30.Qf5 Nf7 31.h4 Nd6 32.Qf4 Ke7 33.Qe3+ Kd8 34.Qf4 Nf7 35.Qg4 Nd6 36.Qf4 Ne8
37.Qg4 f5 38.Qg6 Nd6 39.Bh3 Ne4 40.Bxf5 Qxg3+ 41.Qxg3 Nxg3 42.Bd3 Nh5 43.Kf2 g5
44.hxg5 hxg5 45.Bf5 Kc7 46.Ke3 Nf6 47.Kf3 b6 48.axb6+ Kxb6 49.Bc8 a5 50.Bf5 Kc7
51.Ke3 Kd6 52.Be6 Ke5 53.Bh3 Ne4 54.Bg4 Nc3 55.Bf3 Na2 56.Bg4 Nb4 57.Bd1 Na6
58.Bf3 Nc7 59.Bh5 Na8 60.Bg4 Nb6 61.Be2 Nd7 62.Bg4 Nf6 63.Bh3 Ne8 64.Bf1 Nd6
65.Bh3 a4 66.bxa4 Nxc4+ 67.Kf3 Kxd5 68.Kg4 Ne3+ 69.Kxg5 c4 70.Kf4 Kd4 71.Be6 c3
72.Bb3 Nc4 73.Bc2 Ne3 74.Bb1 Nc4  1/2-1/2

[Event "RUS-ch sf"]
[Site "Novosibirsk"]
[Date "1998.??.??"]
[Round "?"]
[White "Loskutov, Oleg"]
[Black "Fominyh, Alexander"]
[Result "0-1"]
[WhiteElo "2350"]
[BlackElo "2530"]

1.e4 c5 2.Nf3 Nc6 3.d4 cxd4 4.Nxd4 e6 5.Nc3 Qc7 6.Be2 a6 7.O-O Bc5 8.Be3 Nce7
9.Qd3 Nf6 10.Bg5 Ng6 11.Nb3 Be7 12.f4 h6 13.Bxf6 gxf6 14.g3 b5 15.Bf3 Bb7
16.Ne2 Rc8 17.c3 Qb6+ 18.Qd4 Bd8 19.Kh1 Qc6 20.Rad1 e5 21.Qd6 Bc7 22.Qxc6 Bxc6
23.f5 Ne7 24.g4 Rd8 25.Ng3 Nc8 26.Na1 Bb6 27.Nc2 a5 28.b4 Ke7 29.Rd3 Nd6
30.bxa5 Bxa5 31.Ne3 Nc4 32.Nd5+ Bxd5 33.exd5 Nd6 34.Ne4 Rb8 35.Nxd6 Kxd6
36.Be2 e4 37.Re3 Rhe8 38.Rf4 Kxd5 39.Bd1 b4 40.Bb3+ Kc5 41.Rfxe4 Rxe4 42.Rxe4 bxc3
43.Rc4+ Kd6 44.Rd4+ Ke7 45.Re4+ Kd8 46.Kg2 Bc7 47.h3 Be5 48.Kf3 Ke7 49.Re2 Rb4
50.Re4 Rb6 51.Re1 Rb5 52.Ke3 Rb4 53.Bc2 Rb2 54.Bb3 Rh2 55.Kd3 Rxh3+ 56.Re3 Rh1
57.a4 Rg1 58.Re4 d5 59.Rb4 Rg3+ 60.Kc2 Rg2+ 61.Kc1 d4 62.Bc2 Rg1+  0-1

[Event "RUS-ch sf"]
[Site "Novosibirsk"]
[Date "1998.??.??"]
[Round "?"]
[White "Belozerov, Andrei"]
[Black "Sidorova, Elena"]
[Result "1-0"]
[WhiteElo "2460"]
[BlackElo "2260"]

1.e4 c5 2.Nf3 e6 3.d4 cxd4 4.Nxd4 Nc6 5.Nc3 Qc7 6.Be2 a6 7.O-O Bc5 8.Nb3 Be7
9.f4 b5 10.Be3 Rb8 11.Bf3 d6 12.g4 h6 13.Qe2 Nf6 14.Qg2 Bb7 15.Rad1 Nd7 16.e5 dxe5
17.f5 Nd8 18.fxe6 Nxe6 19.Nd5 Bxd5 20.Bxd5 Nf4 21.Bxf4 exf4 22.Bc6 Rd8 23.Rxd7 Rxd7
24.Rd1 Bd6 25.Qe4+ Kd8 26.Bxd7 Kxd7 27.Qxf4 f6 28.Qf5+ Ke7 29.Nd4  1-0

[Event "GER-ch U17"]
[Site "Oberhof"]
[Date "1998.??.??"]
[Round "?"]
[White "Haucke, Alexander"]
[Black "Schenk, Andreas"]
[Result "1/2-1/2"]
[WhiteElo "2235"]
[BlackElo "2275"]

1.Nf3 c5 2.e4 Nc6 3.d4 cxd4 4.Nxd4 e6 5.Nc3 Qc7 6.g3 a6 7.Bg2 Nf6 8.O-O Be7
9.Re1 O-O 10.Nxc6 dxc6 11.e5 Rd8 12.Qe2 Nd5 13.Ne4 Qxe5 14.c4 Nf6 15.Bg5 Kh8
16.Qc2 Qc7 17.Bxf6 gxf6 18.Rad1 e5 19.Rxd8+ Qxd8 20.Rd1 Qf8 21.Qc3 Bg4 22.f3 Be6
23.c5 Rd8 24.Rxd8 Qxd8 25.f4 Qd5 26.b4 Kg7 27.a3 Bf5 28.Nd2 Qe6 29.Kf2 Bd8
30.Bf1 Bc7 31.Bc4 Qd7 32.Qe3 Be6 33.Bd3 Bd5 34.f5 e4 35.Bxe4 Bxe4 36.Nxe4 Qxf5+
37.Kg1 Qd5 38.Nc3 Qb3 39.Qd4 Be5 40.Qg4+  1/2-1/2

[Event "GER-ch U17"]
[Site "Oberhof"]
[Date "1998.??.??"]
[Round "?"]
[White "Berger, Steve"]
[Black "Haensel, Thomas"]
[Result "1/2-1/2"]
[WhiteElo "2075"]
[BlackElo "2090"]

1.e4 c5 2.Nf3 e6 3.d4 cxd4 4.Nxd4 Nc6 5.Nc3 Qc7 6.Be2 a6 7.O-O Nf6 8.Be3 Bb4
9.Na4 Be7 10.Nxc6 bxc6 11.Nb6 Rb8 12.Nxc8 Qxc8 13.e5 Nd5 14.Bd4 c5 15.c4 Nb4
16.Bc3 O-O 17.f4 f5 18.g4 fxg4 19.Bxg4 g6 20.Qd2 Nc6 21.Kh1 Rf7 22.Rad1 Bf8
23.Qe3 Ne7 24.b3 Nf5 25.Bxf5 Rxf5 26.Qe4 Qb7 27.Qxb7 Rxb7 28.Kg2 Kf7 29.Kg3 Ke8
30.Rd3 Kd8 31.Rfd1 Kc8 32.Bd2 Rf7 33.Kf3 Rb8 34.Ke4 Kc7 35.Ba5+ Kc6 36.h4 Ra8
37.R3d2 Ra7 38.Rd3 Be7 39.R3d2 Rg7 40.Rd3 Rf7 41.R3d2 Bf8 42.Rd3 Ra8 43.R3d2 Re8
44.Rd3 Ra8  1/2-1/2

[Event "SVE Cup sf"]
[Site "Oerebro"]
[Date "1998.??.??"]
[Round "?"]
[White "Ostergaard, Dan"]
[Black "Nyander, Joakim"]
[Result "1-0"]
[WhiteElo "2265"]
[BlackElo "2195"]

1.e4 c5 2.Nf3 e6 3.d4 cxd4 4.Nxd4 Nc6 5.Nc3 a6 6.g3 Nge7 7.Nb3 d6 8.Bg2 Bd7
9.O-O Nc8 10.a4 Na5 11.Nxa5 Qxa5 12.Bd2 Qc7 13.a5 Be7 14.Na4 Bf6 15.Qc1 O-O
16.c4 Bc6 17.Be3 Rb8 18.Nb6 Nxb6 19.Bxb6 Qd7 20.Ra3 Bd8 21.Rd3 Be7 22.Rfd1 Qc8
23.Qe3 Re8 24.b3 Bf8 25.Qf4 d5 26.exd5 exd5 27.Bxd5 Bxd5 28.Rxd5 Qe6 29.Rd7 Be7
30.Qf3 Bb4 31.Rxb7 Rxb7 32.Qxb7 Qg4 33.Qd5 h5 34.h4 Bc3 35.Kg2 Bf6 36.Qf3 Qg6
37.Kh3 Re4 38.Rd5 Be5 39.Kg2 f5 40.Qd3 Qg4 41.c5 Re1 42.c6 Bxg3 43.fxg3 Rc1
44.Rxf5 Rxc6 45.Qd5+ Kh7 46.Rxh5+  1-0

[Event "RUS-Cup"]
[Site "Omsk/Perm"]
[Date "1998.??.??"]
[Round "2"]
[White "Shinkevich, Vitaly"]
[Black "Landa, Konstantin"]
[Result "0-1"]
[WhiteElo "2395"]
[BlackElo "2505"]

1.e4 c5 2.Nf3 Nc6 3.d4 cxd4 4.Nxd4 e6 5.Nc3 Qc7 6.a3 Nf6 7.Be2 Nxd4 8.Qxd4 Bc5
9.Qd3 a6 10.O-O O-O 11.Bg5 b5 12.Kh1 Bb7 13.f4 b4 14.axb4 Bxb4 15.Bf3 Rfc8
16.Na2 Bf8 17.Nc3 Bb4 18.Na2 Bf8 19.Nc3 Ne8 20.f5 Bd6 21.Rad1 Qc4 22.Bh5 Qxd3
23.Rxd3 g6 24.Bg4 Bc6 25.Bf4 Bxf4 26.Rxf4 Rab8 27.fxe6 dxe6 28.b3 Rb4 29.h4 f5
30.Be2 Nf6 31.Rd6 Bxe4 32.Bc4 Kg7 33.Rxe6 Bxc2 34.Na2 Rbb8 35.Bxa6 Rd8 36.Nb4 Be4
37.Nc6 Rd1+ 38.Kh2 Rb6 39.Nd4 Rxa6 40.Nxf5+ gxf5 41.Rxa6 Ng4+ 42.Kh3 Ne3
43.g3 h5 44.Ra7+ Kg8  0-1

[Event "RUS-Cup"]
[Site "Omsk/Perm"]
[Date "1998.??.??"]
[Round "7"]
[White "Ulibin, Mikhail"]
[Black "Landa, Konstantin"]
[Result "0-1"]
[WhiteElo "2575"]
[BlackElo "2505"]

1.e4 c5 2.Nf3 e6 3.d4 cxd4 4.Nxd4 Nc6 5.Nc3 Qc7 6.f4 Nxd4 7.Qxd4 a6 8.Be3 b5
9.Be2 Bb7 10.Bf3 Rc8 11.O-O h5 12.Rad1 Nf6 13.h3 h4 14.Rf2 Bc5 15.Qxc5 Qxc5
16.Bxc5 Rxc5 17.Rd6 Bc6 18.e5 Nh5 19.Bxc6 Rxc6 20.Rd4 Ke7 21.Ne4 f6 22.Rfd2 Rc7
23.Nc5 Rhc8 24.b4 a5 25.Rxd7+ Rxd7 26.Rxd7+ Ke8 27.exf6 Nxf6 28.Ra7 axb4
29.Nxe6 g6 30.Rc7 Ra8 31.Ng7+ Kf8 32.Ne6+ Ke8 33.Nd4 Rxa2 34.Rc6 Kf7 35.Rc7+ Ke8
36.Rc6 Kf7 37.f5 gxf5 38.Nxf5 Ne4 39.Nxh4 Nc3 40.Nf3 Rxc2 41.Ne5+ Ke7 42.Kh2 b3
43.Nd3 Na4 44.Rg6 Rc3 45.Rg3 b4 46.Rg7+ Kf8 47.Ra7 b2 48.Ra8+ Ke7 49.Ra7+ Kd6
50.Nxb2 Nxb2 51.h4 b3 52.h5 Nd3 53.h6 b2 54.Rb7 Rc2 55.Rb3 Ne5  0-1